La ruta de la seda / (Record no. 166444)

MARC details
000 -LEADER
fixed length control field 00664nam a22002057a 4500
005 - DATE AND TIME OF LATEST TRANSACTION
control field 20230309133145.0
008 - FIXED-LENGTH DATA ELEMENTS--GENERAL INFORMATION
fixed length control field 230305b sp ||||| |||| 00| 0 spa d
020 ## - INTERNATIONAL STANDARD BOOK NUMBER
International Standard Book Number 9788420649290
050 ## - LIBRARY OF CONGRESS CALL NUMBER
Classification number DS327.7
Item number H65 2004
100 1# - MAIN ENTRY--PERSONAL NAME
Personal name Höllmann, Thomas O.
245 ## - TITLE STATEMENT
Title La ruta de la seda /
Statement of responsibility, etc Thomas O. Höllmann ; traductor Elena Bombín Izquierdo
250 ## - EDITION STATEMENT
Edition statement 1a ed.
260 ## - PUBLICATION, DISTRIBUTION, ETC. (IMPRINT)
Place of publication, distribution, etc España ;
Name of publisher, distributor, etc Alianza,
Date of publication, distribution, etc 2004
300 ## - PHYSICAL DESCRIPTION
Extent 182 p. ;
Dimensions 17 cm.
440 ## - SERIES STATEMENT/ADDED ENTRY--TITLE
Title Humanidades ;
Number of part/section of a work No. 4258
500 ## - GENERAL NOTE
General note # 655 Donacion: Juan Alvarez Cienfuegos 25/ FEB./2020
650 ## - SUBJECT ADDED ENTRY--TOPICAL TERM
Topical term or geographic name as entry element Historia de Asia
700 ## - ADDED ENTRY--PERSONAL NAME
Personal name Bombín Izquierdo, Elena
Relator term tr.
942 ## - ADDED ENTRY ELEMENTS (KOHA)
Source of classification or shelving scheme Biblioteca del Cogreso de los Estados Unidos
Koha item type Libro
Holdings
Estado de pérdida Fuente de clasificación Estado del daño No para préstamo Ubicación permanente Ubicación actual Apartado o colección Fecha de adquisición Edición Área del conocimiento Total Checkouts Clasificación Código de Barras Date last seen Número de copia Costo por reposición Tipo de recurso
  Biblioteca del Cogreso de los Estados Unidos     Biblioteca de la Facultad de Filosofía Biblioteca de la Facultad de Filosofía General 05/03/2023 1a ed. Educación y Humanidades   DS327.7 H65 r2008 BFF000038877 05/03/2023 C.1 1.00 Libro